| 000 | 01358nam a2200229Ia 4500 | ||
|---|---|---|---|
| 003 | Ost | ||
| 005 | 20260507074942.0 | ||
| 008 | 260507s9999||||xx |||||||||||||| ||und|| | ||
| 040 | _cfsecg | ||
| 041 | _aara | ||
| 082 | _a330.96 | ||
| 100 |
_aفرج، فرج عبد الفتاح _eمؤلف |
||
| 245 | 0 |
_aالاقتصاد الافريقى : _bقضايا التكامل والتنمية / _c فرج عبد الفتاح فرج |
|
| 260 |
_aالقاهرة: _bدار النهضة العربية, _c2007 |
||
| 300 |
_a492 صفحة؛ _bإيضاحات ؛ _c24 سم |
||
| 504 | _aملاحق وبيبليوغرافيا نهاية كل فصل | ||
| 520 | _aيعالج هذا الكتاب بين دفتيه بحوثا في مجال التكامل والتنمية الاقتصادية في افريقيا وتم تقسيمه إلى ثلاثة أقسام القسم الأول التكامل الاقتصادي والقسم الثاني قضايا التنمية الافريقية والتنمية البشرية بإعتبارها أحد أهم أدوات تحقيق الرفاهية للشعوب وختم بقسم يعالج مشكلات الاقتصاد المصري الديون والائتمان المحلي وظاهرة الاحتكار . | ||
| 653 | _aاقتصاد افريقي | ||
| 653 | _aتكامل | ||
| 653 | _aتنمية | ||
| 942 | _cكتاب | ||
| 999 |
_c41941 _d41941 |
||